000 08436 a2200577 4500
008 090527t xxu||||| |||| 00| 0 hin d
010 _aB-291785-815
020 _c250.00
_a9788190552011
035 _aB-291785-815
037 _bसाधना एण्ड सन्स
040 _adpl
_bHIN
082 _a613
100 _aसेंगर, देवेन्द्र
245 _aयूं रहें स्वस्थ /
_cदेवेन्द्र सेंगर
260 _aदिल्ली
_bसाधना एण्ड सन्स
_c2008
270 _aएल-20/13 , प्रथम तल, गली नं5, शिवाजी मार्ग, करतार नगर
_bदिल्ली
_cदिल्ली
_e110053
300 _a200पृ
_c22 सेमी (सजिल्द)
942 _adpl
_cHN
_k/ सेंगर
_2ddc
_h613
_mसेंगर
999 _c12348
_d12348